Innovacin̤ educativa y tecnologa̕

Detalles Bibliográficos
Autor principal: Guzmǹ Acuą, Josefina
Otros Autores: Guzmǹ Acuą, Teresa de Jess︢
Formato: eBook
Lenguaje:español
Publicado: Ciudad de Mx̌ico: Cm̀ara de Diputados, 2009
Materias:
Acceso en línea:Acceso restringido

MARC

LEADER 00000nam a22000007a 4500
005 20171122161453.0
007 cr|||| ||||
008 171122s2009 mx |||||s|||| 00||0 spa d
020 |a 978-607-401-130-2 
035 |a 20861 
040 |a vLex 
090 |c 7228  |d 7228 
100 1 |a Guzmǹ Acuą, Josefina 
245 1 0 |a Innovacin̤ educativa y tecnologa̕  |h [Recurso electrn̤ico] /  |c Josefina Guzmǹ Acuą; Teresa de Jess︢ Guzmǹ Acuą 
256 |a Servicio en ln̕ea 
260 |a Ciudad de Mx̌ico:  |b Cm̀ara de Diputados,  |c 2009 
300 |a 1 recurso electrn̤ico 
500 |a Las sociedades han presentado a lo largo de los l︢timos 20 aǫs transformaciones en las economa̕s, la polt̕ica, las organizaciones, etcťera. Estos cambios han sido generados en gran parte por la aparicin̤ vertiginosa y continua de las tecnologa̕s de la informacin̤ y la comunicacin̤ que estǹ modificando todas las estructuras de las sociedades. La escuela no ha sido la excepcin̤, la generacin̤ del internet est ̀llegando a las universidades, šta que tena̕ cinco o seis aǫs en 1994 cuando Tim Berners introdujo la Web, herramienta que potencializ ̤el desarrollo del internet. Con esta generacin̤ los procesos de enseąnzaaprendizaje no pueden ni deben permanecer iguales. Sus transformaciones conllevan la necesidad de una prc̀tica educativa ms̀ acorde a la era digital, apoyada en la tecnologa̕ y por supuesto procesos innovadores de aprendizaje. El presente trabajo tiene como objetivo abordar la importancia de la innovacin̤ como generadora de prc̀ticas educativas ms̀ acordes a los cambios que enfrentan las sociedades y en los cuales la tecnologa̕ forma un papel prioritario. Un grupo de investigadores de diferentes universidades del pas̕ presentan trabajos realizados a partir de reflexiones ter̤icas, resultados de investigacin̤ y experiencias prc̀ticas, todos enfocados en la innovacin̤ educativa como un factor fundamental para una educacin̤ acorde a la era digital. 
506 1 |a Disponible solo en los productos indicados  |d vLex Global  |d vLex Global (Academic Edition, excluding Law Schools)  |d vLex Global (U.S. Academic Edition, Law Schools)  |d vLex Global (U.S. Academic Edition, excluding Law Schools)  |d vLex Global (Academic Edition, Law Schools) 
650 0 4 |a Derecho Pb︢lico  |z Mx̌ico 
650 0 4 |a Derecho administrativo  |z Mx̌ico 
650 0 4 |a Educacin̤  |z Mx̌ico 
700 1 |a Guzmǹ Acuą, Teresa de Jess︢ 
740 0 |a vLex Libros (Servicio en ln̕ea) 
856 4 0 |u http://vlex.com/source/innovacion-educativa-y-tecnologia-20861  |z Acceso restringido 
942 |c BOOK 
999 0 |a Public law 
999 0 |a Administrative law 
999 0 |a Education